Hacia una pedagogía del conocimiento
Shranjeno v:
| Glavni avtor: | |
|---|---|
| Format: | Knjiga |
| Jezik: | španščina |
| Izdano: |
Bogotá
McGraw-Hill
1994
|
| Teme: | |
| Oznake: |
Označite
Brez oznak, prvi označite!
|
MARC
| LEADER | 00000nam a2200000 a 4500 | ||
|---|---|---|---|
| 001 | UCY0948 | ||
| 003 | CL-VaPUC | ||
| 008 | 940818e19940000CK |||||||||||||||||spa|d | ||
| 082 | 0 | 4 | |a 370.1 |b FLO |2 21 |
| 100 | 0 | |a Flórez Ochoa, Rafael |e author |9 328814 | |
| 245 | 1 | 0 | |a Hacia una pedagogía del conocimiento |
| 300 | |a 311 p | ||
| 942 | |c BK | ||
| 945 | |d 19940818 00:00:00 |a rbrito | ||
| 260 | |a Bogotá |b McGraw-Hill |c 1994 | ||
| 650 | 0 | |a Filosofía de la educación |9 258384 | |
| 583 | |a last modification |c 20140411 12:17:18 |k Rodrigo Vera | ||
| 999 | |c 229813 |d 229811 | ||
| 952 | |0 0 |1 0 |4 0 |6 370_100000000000000_FLO_1994 |7 0 |8 A |9 231475 |a BIBING |b BIBING |d 2019-11-15 |i 3004104 |o 370.1 FLO 1994 |p 3004104 |r 2025-01-20 |w 2019-11-15 |y BK |k GEO | ||
| 952 | |0 0 |1 0 |4 0 |6 370_100000000000000_FLO_1994 |7 0 |8 A |9 231476 |a BIBEDU |b BIBEDU |d 2019-11-15 |i 3192113 |o 370.1 FLO 1994 |p 3192113 |r 2019-11-15 |w 2019-11-15 |y BK |k EDU | ||
| 952 | |0 0 |1 0 |4 0 |6 370_100000000000000_FLO_1994 |7 0 |8 A |9 231477 |a BIBEDU |b BIBEDU |d 2019-11-15 |i 3192121 |o 370.1 FLO 1994 |p 3192121 |r 2019-11-15 |w 2019-11-15 |y BK |k EDU | ||
| 952 | |0 0 |1 0 |4 0 |6 370_100000000000000_FLO_1994 |7 0 |8 A |9 231478 |a BIBEDU |b BIBEDU |d 2019-11-15 |i 319213K |o 370.1 FLO 1994 |p 319213K |r 2019-11-15 |w 2019-11-15 |y BK |k EDU | ||
| 952 | |0 0 |1 0 |4 0 |6 370_100000000000000_FLO_1994 |7 0 |8 A |9 231479 |a BIBGIM |b BIBGIM |d 2019-11-15 |i 3219232 |l 1 |o 370.1 FLO 1994 |p 3219232 |r 2025-03-24 |s 2025-03-24 |w 2019-11-15 |y BK |k SSL | ||
| 952 | |0 0 |1 0 |4 0 |6 370_100000000000000_FLO_1994 |7 0 |8 A |9 231480 |a BIBHIS |b BIBHIS |d 2019-11-15 |i 3342344 |o 370.1 FLO 1994 |p 3342344 |r 2025-01-20 |w 2019-11-15 |y BK |k HIS | ||
| 952 | |0 0 |1 0 |4 0 |6 370_100000000000000_FLO_1994 |7 0 |8 A |9 231481 |a FDOPOS |b FDOPOS |d 2019-11-15 |i 3684407 |o 370.1 FLO 1994 |p 3684407 |r 2025-01-22 |w 2019-11-15 |y BK |k MLA | ||
| 952 | |0 0 |1 0 |4 0 |6 370_100000000000000_FLO_1994 |7 0 |8 A |9 231483 |a BIBEDU |b BIBEDU |d 2019-11-15 |i 4224965 |l 1 |o 370.1 FLO 1994 |p 4224965 |r 2024-04-08 |s 2024-04-08 |w 2019-11-15 |y BK |k EDU | ||